00429nam a22001217a 4500008004100000040005500041080001200096245008800108260007100196300001500267650001600282653000900298230221b |||||||| |||| 00| 0 eng d aNational Science LibrarycNational Science Library a336bK5 aManagement of public debt in Indiac/ National Council of Applied Economic Research aNew Delhi: bNational Council of Applied Economic Research, c1965 axi, 158p.  aManagement  aDebt